000 00499nam a2200193 a 4500
001 1774864617428
003 YourLibrary
005 20260330153038.0
008 260330s2004##################000#0#eng##
020 _a9780691123943
082 0 4 _a361.26
_bKEN
100 1 _aKennedy, David,
_eauthor.
245 1 0 _aThe Dark Sides of Virtue :
260 _bPrinceton University Press,
_c2004.
300 _a404 pages
650 0 _aLaw.
942 _cENGLISH
040 _aYourLibrary
_beng
_cYourLibrary
999 _c618344
_d618344